000 00339nam a2200133Ia 4500
008 231129s9999||||xx |||||||||||||| ||spa||
020 _a84-7634-369-8
040 _bspa
082 _a185 A716po
100 _aAristoteles
245 0 _aPolitica; Los económicos
264 _aOrbis
942 _2ddc
_cBKS
999 _c23026
_d23026